00484 a2200169 450000100060000002000180000604000240002410000190004824000370006724500320010430000100013636200090014665000310015594200070018695201040019399900170029747615 a9788516080457 cAnchieta - Aquarius aFlávia, Reis10aOs perguntadores da garrafalpor10aOs perguntadores da garrafa a95 p.0 a2012 4aLiteratura infanto-juvenil cBK 00104070a87.1b87.1d2023-11-21l0o028.5 FLA PERp6428/AQUr2023-11-21 15:14:30w2023-11-21yBK c47615d47615